Informació i documentació: processos i requisits funcionals per a programari per a la gestió de documents : part 1: requisits funcionals i directrius associades per a qualsevol aplicació que gestioni documents electrònics part 1: requisits funcionals i directrius associades per a qualsevol aplicació que gestioni documents electrònics
Descripción Física:
51 pàg. ; 30 cm.
Colección:
Norma espanyola
; UNE-ISO 16175-1:2021
Materias:
Documents electrònics
; Documents administratius
; Gestió dels documents
; Gestió dels documents -- Catalunya -- Normes
; Normes ISO
; Normes UNE
Idioma:
Catalán
MARC
| LEADER | 00000nam a22000007a 4500 | ||
|---|---|---|---|
| 001 | 28640 | ||
| 003 | AGDB | ||
| 005 | 20260324181528.0 | ||
| 008 | 241125b spa||||| |||| 00| 0 cat d | ||
| 040 | |a agdb |b cat | ||
| 041 | |a cat | ||
| 245 | |a Informació i documentació: processos i requisits funcionals per a programari per a la gestió de documents : |b part 1: requisits funcionals i directrius associades per a qualsevol aplicació que gestioni documents electrònics | ||
| 260 | |a Madrid : |b Asociación Española de Normalización ; |c [2023] | ||
| 300 | |a 51 pàg. ; |c 30 cm. | ||
| 490 | |a Norma espanyola ; |v UNE-ISO 16175-1:2021 | ||
| 650 | 0 | |a Documents electrònics |2 Arxiu |9 46076 | |
| 650 | 0 | |a Documents administratius |9 9192 | |
| 650 | 0 | |a Gestió dels documents |9 43349 | |
| 650 | 0 | |a Gestió dels documents |x Catalunya |x Normes |2 Arxiu |9 35933 | |
| 650 | 0 | |a Normes ISO |9 71773 | |
| 650 | 0 | |a Normes UNE |2 Arxiu |9 46288 | |
| 710 | |a Asociación Española de Normalización |9 59481 | ||
| 942 | |c ARXIU |n 1 | ||
| 952 | |0 0 |1 0 |4 0 |6 BIB1247 |7 1 |9 97568 |a Arxiu |b Arxiu |d 2024-11-25 |l 0 |o Bib-1247 |p 28640 |r 2024-11-25 00:00:00 |w 2024-11-25 |y ARXIU | ||
| 999 | |c 129449 |d 129449 | ||